|
|
|
|
| LEADER |
00000caa a2200000 c 4500 |
| 001 |
1400836085 |
| 003 |
DE-627 |
| 005 |
20220613135152.0 |
| 007 |
tu |
| 008 |
101004s2010 xx ||||| 00| ||ger c |
| 020 |
|
|
|a 9783899496062
|
| 035 |
|
|
|a (DE-627)1400836085
|
| 035 |
|
|
|a (DE-576)330836080
|
| 035 |
|
|
|a (DE-599)BSZ330836080
|
| 040 |
|
|
|a DE-627
|b ger
|c DE-627
|e rakwb
|
| 041 |
|
|
|a ger
|
| 100 |
1 |
|
|a Dünkel, Frieder
|d 1950-
|0 (DE-588)121514056
|0 (DE-627)081357060
|0 (DE-576)160794080
|4 aut
|
| 109 |
|
|
|a Dünkel, Frieder 1950-
|
| 245 |
1 |
0 |
|a Greifswalder Forschungen zum Alkohol im Straßenverkehr
|c Frieder Dünkel
|
| 264 |
|
1 |
|c 2010
|
| 336 |
|
|
|a Text
|b txt
|2 rdacontent
|
| 337 |
|
|
|a ohne Hilfsmittel zu benutzen
|b n
|2 rdamedia
|
| 338 |
|
|
|a Band
|b nc
|2 rdacarrier
|
| 689 |
0 |
0 |
|d g
|0 (DE-588)4242861-0
|0 (DE-627)104375612
|0 (DE-576)210449667
|a Mecklenburg-Vorpommern
|2 gnd
|
| 689 |
0 |
1 |
|d s
|0 (DE-588)4001223-2
|0 (DE-627)104746750
|0 (DE-576)20884175X
|a Alkoholkonsum
|2 gnd
|
| 689 |
0 |
2 |
|d s
|0 (DE-588)4183597-9
|0 (DE-627)105301558
|0 (DE-576)210019743
|a Verkehrskriminalität
|2 gnd
|
| 689 |
0 |
3 |
|d s
|0 (DE-588)4027274-6
|0 (DE-627)106285319
|0 (DE-576)208970150
|a Interdisziplinäre Forschung
|2 gnd
|
| 689 |
0 |
4 |
|d s
|0 (DE-588)4155053-5
|0 (DE-627)104358769
|0 (DE-576)209815914
|a Forschungsprojekt
|2 gnd
|
| 689 |
0 |
5 |
|d b
|0 (DE-588)36158-6
|0 (DE-627)100832903
|0 (DE-576)190344660
|a Ernst-Moritz-Arndt-Universität Greifswald
|2 gnd
|
| 689 |
0 |
|
|5 (DE-627)
|
| 773 |
0 |
8 |
|i In
|t Verbrechen - Strafe - Resozialisierung
|d Berlin [u.a.] : de Gruyter, 2010
|g 2010, S. [101] - 117
|h XIX, 1087 S.
|w (DE-627)635904713
|w (DE-576)329486446
|z 9783899496062
|7 nnam
|
| 773 |
1 |
8 |
|g year:2010
|g pages:101-117
|
| 935 |
|
|
|a mkri
|
| 951 |
|
|
|a AR
|
| ELC |
|
|
|b 1
|
| LOK |
|
|
|0 000 xxxxxcx a22 zn 4500
|
| LOK |
|
|
|0 001 264971669X
|
| LOK |
|
|
|0 003 DE-627
|
| LOK |
|
|
|0 004 1400836085
|
| LOK |
|
|
|0 005 20101004103444
|
| LOK |
|
|
|0 008 101004||||||||||||||||ger|||||||
|
| LOK |
|
|
|0 040
|a DE-21-24
|c DE-627
|d DE-21-24
|
| LOK |
|
|
|0 852
|a DE-21-24
|
| LOK |
|
|
|0 852 1
|c In: J,IVa,211
|m p
|9 00
|
| LOK |
|
|
|0 935
|a uwfe
|
| LOK |
|
|
|0 936ln
|a J,IVa,
|
| LOK |
|
|
|0 938
|k p
|
| LOK |
|
|
|0 939
|a 04-10-10
|b l01
|
| LOK |
|
|
|0 000 xxxxxcx a22 zn 4500
|
| LOK |
|
|
|0 001 2899196006
|
| LOK |
|
|
|0 003 DE-627
|
| LOK |
|
|
|0 004 1400836085
|
| LOK |
|
|
|0 005 20251015135032
|
| LOK |
|
|
|0 008 160208||||||||||||||||ger|||||||
|
| LOK |
|
|
|0 040
|a DE-21-110
|c DE-627
|d DE-21-110
|
| LOK |
|
|
|0 852
|a DE-21-110
|
| LOK |
|
|
|0 852 1
|m p
|9 00
|
| LOK |
|
|
|0 935
|a k110
|
| LOK |
|
|
|0 938
|k p
|
| LOK |
|
|
|0 939
|a 08-02-16
|b l01
|
| ORI |
|
|
|a SA-MARC-krimdoka001.raw
|
| TIM |
|
|
|a 100019450101_100019471231
|b 1945 - 1947
|